[Event "Sotra Hostturneringen"]
[Site "Sotra"]
[Date "2005.08.25"]
[Round "1"]
[White "Skare, Nils Kare"]
[Black "Glesnes, Ivar Magne"]
[Result "1/2-1/2"]
[WhiteElo "1297"]
[BlackElo "680"]
[PlyCount "112"]
[EventDate "2005.08.25"]
[EventType "swiss"]
[EventRounds "9"]
[EventCountry "NOR"]
[SourceTitle "EXT 2007"]
[Source "ChessBase"]
[SourceDate "2006.11.23"]
[SourceVersion "1"]
[SourceVersionDate "2006.11.23"]
[SourceQuality "1"]

1. e4 e5 2. Nf3 Nc6 3. Bc4 Nf6 4. 0-0 Be7 5. Nc3 d6 6. h3 0-0 7. d4 exd4 8. Nxd4 Nxd4 9. Qxd4 c5 10. Qd1 b6 11. Nd5 Bb7 12. Re1 Re8 13. Nxe7+ Rxe7 14. f3 a6 15. a3 d5 16. exd5 Rxe1+ 17. Qxe1 Bxd5 18. Bd3 Qd6 19. c3 c4 20. Bc2 Re8 21. Qh4 Bc6 22. Bf4 Qe6 23. Rd1 Qe2 24. Qf2 b5 25. Rd2 Qxf2+ 26. Kxf2 Nd7 27. Bf5 Nc5 28. Be3 g6 29. Bxc5 gxf5 30. Rd6 Re6 31. Kg3 Rxd6 32. Bxd6 Kg7 33. Kf4 Kf6 34. Be5+ Kg6 35. Bd4 f6 36. Bf2 Bd7 37. Ke3 a5 38. Kd4 a4 39. Kd5 Kf7 40. Kd6 Be8 41. Bd4 f4 42. Bf2 f5 43. Ke5 Bd7 44. Kxf4 Kf6 45. Bd4+ Kg6 46. Ke5 Kf7 47. Kd6 Be8 48. Be5 Kg6 49. h4 Kf7 50. g4 fxg4 51. fxg4 Kg6 52. Bf4 Kf7 53. h5 Kf6 54. h6 Kg6 55. Ke6 Bc6 56. Kd6 Be8 1/2-1/2

[Event "Sotra op1"]
[Site "Sotra"]
[Date "2004.04.29"]
[Round "9"]
[White "Glesnes, Ivar Magne"]
[Black "Skare, Nils Kare"]
[Result "0-1"]
[WhiteElo "601"]
[BlackElo "1327"]
[PlyCount "62"]
[EventDate "2004.01.15"]
[EventType "swiss"]
[EventRounds "9"]
[EventCountry "NOR"]
[SourceTitle "EXT 2008"]
[Source "ChessBase"]
[SourceDate "2007.11.25"]
[SourceVersion "1"]
[SourceVersionDate "2007.11.25"]
[SourceQuality "1"]

1. e4 e5 2. Nf3 Nc6 3. Nc3 Bc5 4. Bc4 Nf6 5. Ng5 0-0 6. d3 d6 7. 0-0 Bg4 8. Qe1 Nd4 9. Bb3 h6 10. h3 Bh5 11. Nd5 Nxd5 12. Bxd5 hxg5 13. Bxb7 Rb8 14. Bd5 Nxc2 15. Qd2 Nxa1 16. b3 c6 17. Bc4 d5 18. exd5 cxd5 19. Bxd5 Qxd5 20. Bb2 Nxb3 21. axb3 Rxb3 22. Bc1 f6 23. Qc2 Rxd3 24. Kh1 Rxh3+ 25. Kg1 Rg3 26. Qa2 Qxa2 27. Kh2 Bxf2 28. Be3 Rxe3 29. Rxf2 Qxf2 30. Kh1 Rh3+ 31. gxh3 Bf3# 0-1

[Event "Sotra Hostturneringen"]
[Site "Sotra"]
[Date "2003.11.27"]
[Round "9"]
[White "Skare, Nils Kare"]
[Black "Glesnes, Ivar Magne"]
[Result "1-0"]
[WhiteElo "1353"]
[BlackElo "598"]
[PlyCount "127"]
[EventDate "2003.08.??"]
[EventType "swiss"]
[EventRounds "10"]
[EventCountry "NOR"]
[SourceTitle "EXT 2005"]
[Source "ChessBase"]
[SourceDate "2004.11.15"]
[SourceVersion "1"]
[SourceVersionDate "2004.11.15"]
[SourceQuality "1"]

1. e4 e5 2. Bc4 Nf6 3. Nf3 Nc6 4. d3 Bc5 5. Bg5 Be7 6. a3 0-0 7. Nc3 d6 8. Qd2 Nh5 9. h3 Kh8 10. g4 Bxg5 11. Nxg5 Nf4 12. Nxf7+ Rxf7 13. Bxf7 Qf6 14. Ba2 Nd4 15. 0-0-0 Be6 16. Nd5 Qf7 17. c4 c6 18. Nxf4 exf4 19. Kb1 b5 20. b3 Rb8 21. Rc1 bxc4 22. dxc4 Nxb3 23. Qxd6 Rb6 24. Qd8+ Qg8 25. Qxg8+ Bxg8 26. Bxb3 Rxb3+ 27. Ka2 Rd3 28. Kb2 Rd2+ 29. Rc2 Rxc2+ 30. Kxc2 Bxc4 31. Rd1 Kg8 32. Rd8+ Kf7 33. Rd7+ Kf6 34. Rxa7 h6 35. Kc3 Bf1 36. h4 g5 37. h5 Bg2 38. Rh7 Ke5 39. Rxh6 Bxe4 40. a4 Bd5 41. Rg6 Ke4 42. Rxg5 Kf3 43. h6 Be4 44. Rg7 Kxf2 45. h7 Bxh7 46. Rxh7 Kg2 47. Rf7 f3 48. g5 f2 49. g6 f1Q 50. Rxf1 Kxf1 51. g7 Ke2 52. g8Q Ke3 53. Qg4 c5 54. Qc4 Kf2 55. Kd2 Kf3 56. a5 Kf2 57. a6 Kf3 58. a7 Kf2 59. a8Q Kg3 60. Qce4 c4 61. Qf3+ Kh4 62. Qae4+ Kg5 63. Qeg4+ Kh6 64. Qfh3# 1-0